000
00326nam a22001457a 4500
999
_c
15517
_d
15517
003
OSt
008
180829b ||||| |||| 00| 0 eng d
020
_a
8185167257
082
_a
664.0284
_b
MAT/SO
100
_a
Mathur, A.N
_9
3289
245
_a
Solar drying
260
_a
Udaipur
_b
Himanshu
_c
1989
300
_a
228
942
_c
BK